FA Cup Final Stadia - Statistics

General Stats
  • This quiz has been taken 313 times
  • The average score is 4 of 12
Answer Stats
Answer % Correct
Wembley
100%
Old Trafford
90%
Millennium Stadium
69%
Stamford Bridge
55%
Kennington Oval
36%
Goodison Park
31%
Crystal Palace
27%
Bramall Lane
15%
Burnden Park
6%
Fallowfield Stadium
6%
Racecourse Ground
6%
Lillie Bridge
3%
No matching quizzes found
Score Distribution
Percent of People with Each Score
Percentile by Number Answered
Your Score History
You have not taken this quiz